ბათუმის შოთა რუსთაველის სახელმწიფო უნივერსიტეტის ბიბლიოთეკა

კალევალა : (ბიბ.ჩანაწერი № 59084)

000 -ლიდერი
ფიქსირებული სიგრძის საკონტროლო ველი 01318nam a22002177a 4500
003 - საკონტროლო ნომრის იდენტიფიკატორი
საკონტროლო ველი Ge_BSU
005 - ბოლო ოპერაციის თარიღი და დრო
საკონტროლო ველი 20221122120143.0
008 - ფიქსირებული სიგრძის მონაცემთა ელემენტები - ზოგადი ინფორმაცია
ფიქსირებული სიგრძის საკონტროლო ველი 221122s1977ge xxu||||| |||| 00| 0 geo d
041 ## - ენის კოდი
Language code of text/sound track or separate title geo
080 ## - უნივერსალური ათობითი კლასიფიკაციის ინდექსი
Universal Decimal Classification number 821.511.112-13 + 821.511.111-13 კ-18
245 ## - ცნობა სათაურის შესახებ
Title კალევალა :
Remainder of title კარელურ-ფინური ხალხური ეპოსი
Statement of responsibility, etc [ო. კუუსინენის გამოკვლევით: ეპოსი "კალევალა" და მისი შემქმნელები] / მთარგმნ.: მ. მაჭავარიანი, შ. ჩანტლაძე, გ.ძნელაძე .
264 ## - წარმოების, გამოცემის, დისტრიბუციის და სხვა ცნობები
გამოცემის, წარმოების, დისტრიბუციის... ადგილი თბილისი:
გამოცემის, წარმოების, დისტრიბუციის... სახელწოდება საბჭ. საქართველო,
გამოცემის, წარმოების, დისტრიბუციის... თარიღი 1977.
300 ## - ფიზიკური აღწერა
Extent 665 გვ. ;
Other physical details 21 სმ.
440 ## - სერიის ცნობა / დამატებულია ჩანაწერი - სათაური
Title მსოფლიო ლიტერატურის ბიბლიოთეკა ; ტ. 10
9 (RLIN) 15981
653 ## - INDEX TERM--UNCONTROLLED
Uncontrolled term კალევალა
653 ## - INDEX TERM--UNCONTROLLED
Uncontrolled term მხატვრული ლიტეარტურა
700 ## - ADDED ENTRY--PERSONAL NAME
Personal name მაჭავარიანი, მ.
Fuller form of name მთარგმნელი
9 (RLIN) 15982
700 ## - ADDED ENTRY--PERSONAL NAME
Personal name ჩანტლაძე, შ
Relator term მთარგმნელი
9 (RLIN) 15983
700 ## - ADDED ENTRY--PERSONAL NAME
Personal name ძნელაძე, გ.
Relator term მთარგმნელი
9 (RLIN) 15984
942 ## - ADDED ENTRY ELEMENTS (KOHA)
Source of classification or shelving scheme
Koha item type წიგნი
ეგზემპლარები
ჩამოწერის სტატუსი დაკარგული ეგზემპლარის სტატუსი კლასიფიკაციის წყარო ან თაროზე გაწყობის სქემა დაზიანების სტატუსი არ გაიცემა მუდმივი მდებარეობა (დაცვის ადგილი) ამჟამინდელი ადგილსამყოფელი თაროზე განთავსების ადგილი შეძენის თარიღი ღირებულება, შესყიდვის ნორმალური ფასი სრული შენახვის შიფრი შტრიხკოდი ბოლო ოპერაციის თარიღი ეგზემპლარის მიმდევრობითი ნომერი (კეტერი?) ფასის ძალაში შესვლის თარიღი ეგზემპლარის სახეობა საჯარო შენიშვნა
          ბათუმის შოთა რუსთაველის სახელმწიფო უნივერსიტეტის მთავარი ბიბლიოთეკა ბათუმის შოთა რუსთაველის სახელმწიფო უნივერსიტეტის მთავარი ბიბლიოთეკა წიგნსაცავი 2022-11-22 10.00 821.511.112-13 + 821.511.111-13 კ-18 63148 2022-11-22 63148 2022-11-22 წიგნი 10.00